00394nam a2200109Ia 4500008004100000082000800041100001300049245010600062942000600168952009500174999001500269240331s9999 xx 000 0 und d bUND aWERC. ed 0aUnderstanding CEDAW :bThe Convention on the Elimination of all forms of Discrimination against women cL 001040708LaWERCLbWERCLcSSCd2024-03-31l0o 305 UNDp4881r2024-03-31w2024-03-31yL c1502d1502